Statistics for Netherlands Euro 2012 Squad

Click here to take the quiz!

General Stats

  • This quiz has been taken 1,041 times
  • The average score is 13 of 23

Answer Stats

ClubPositionAnswer% Correct
ArsenalSTRobin van Persie
95%
Bayern MunichMDArjen Robben
90%
Inter MilanMDWesley Sneijder
83%
SchalkeSTKlaas-Jan Huntelaar
82%
TwenteSTLuuk de Jong
82%
Manchester CityMDNigel de Jong
82%
RomaGKMaarten Stekelenburg
78%
NewcastleGKTim Krul
77%
TottenhamMDRafael van der Vaart
73%
SwanseaGKMichel Vorm
68%
EvertonDFJohn Heitinga
66%
FenerbahceSTDirk Kuyt
60%
PSVMDMark van Bommel
57%
BarcelonaMDIbrahim Afellay
53%
AjaxDFGregory van der Wiel
44%
MalagaDFJoris Mathijsen
42%
FeyenoordDFRon Vlaar
39%
PSVDFJetro Willems
30%
PSVMDKevin Strootman
24%
StuttgartDFKhalid Boulahrouz
24%
SportingMDStijn Schaars
21%
PSVDFWilfred Bouma
20%
HeerenveenSTLuciano Narsingh
16%

Score Distribution

Percentile by Number Answered

Percent of People with Each Score

Your Score History

You have not taken this quiz